000 00888na a2200253 4500
001 17837
003 MIRAKIL
005 20181213155124.0
008 161107b tu 000 0
035 _a17837
040 _aMilas
_btur
_cTR-AnCHP
041 _atur
082 _a331.88
_bK96 1999
090 _a331.88 K96 1999
245 _aKüreselleşme ve üçüncü dünya sendikaları
_b"Hızlı ekonomik değişimin getirdiği sorunlar"
_cDerleyen Henk Thomas; çev. Oğuz Topak
260 _aAnkara
_bTürk Harb-İş Sendikası
_c1999
300 _a264 s.
_bres.
_c23 sm.
500 _aYapıtın özgün adı: Globalization and third world trade unions: The challenge of rapid economic change"
650 _aDünya sendikaları
_xEkonomik değişimler
650 _aİşçi sendikaları
_xKüreselleşme
700 _aTopak, Oğuz
700 _aThomas, Henk
942 _2ddc
_cBKS
999 _c6965
_d6965